000 00328nam a22001457a 4500
008 230518b ||||| |||| 00| 0 eng d
020 _a0415207371
041 _aeng
080 _a030
082 _a030LOP
100 _a44
101 _aENCI
245 _aTHE ROUTLEDGE COMPANION TO AESTHETICS
_cLOPES .M C
942 _2udc
_cBK
999 _c59775
_d59775